Biblioteca

Héroes (Registro nro. 66012)

Detalles MARC
000 -LÍDER
Campo fijo de descripción fija 01648nam a2200313 i 4500
001 - NÚMERO DE CONTROL
Campo de control 768714001
003 - IDENTIFICADOR DEL NÚMERO DE CONTROL
Campo de control CO-MdFUSB
005 - FECHA Y HORA DE LA ULTIMA TRANSACCIÓN
control field 20201207115803.0
007 - CAMPO FIJO DE DESCRIPCIÓN FIJA--INFORMACIÓN GENERAL
Campo fijo de descripción fija ta
008 - ELEMENTOS DE LONGITUD FIJA -- INFORMACIÓN GENERAL
Campo fijo de descripción fija -- Información general 200602t2009 sp a|||| |||| 00| 0 spa d
020 ## - NÚMERO INTERNACIONAL NORMALIZADO PARA LIBROS
Número Internacional Normalizado del libro 9788466623148
040 ## - FUENTE DE CATALOGACIÓN
Agencia de catalogación original CO-MdFUSB
Idioma de catalogación spa
Agencia que realiza la transcripción CO-MdFUSB
Agencia que realiza la modificación CO-MdFUSBC
Convenciones de la descripción rda
041 ## - CÓDIGO DE IDIOMA
Código de idioma para texto/pista de sonido o título separado spa
082 ## - NÚMERO DE CLASIFICACIÓN DECIMAL DEWEY
Número de la edición del Dewey 23
Número de clasificación 920.02
Clave de autor-Numero de item J685
100 ## - ASIENTO PRINCIPAL--NOMBRE PERSONAL
Nombre personal Johnson, Paul.
Término relacionador autor
245 ## - TÍTULO
Título del Material Héroes
Mención de responsabilidad, etc. / Paul Johnson
264 #1 - PRODUCCIÓN, PUBLICACIÓN, DISTRIBUCIÓN, MANUFACTURA, Y COPYRIGHT
Lugar de producción, publicación, distribución, manufactura Barcelona :
Nombre del productor, publicador, distribuidor Ediciones B,
Fecha de producción, publicación, distribución, manufactura, o copyright [2009]
264 #4 - PRODUCCIÓN, PUBLICACIÓN, DISTRIBUCIÓN, MANUFACTURA, Y COPYRIGHT
Fecha de producción, publicación, distribución, manufactura, o copyright © 2009
300 ## - DESCRIPCIÓN FÍSICA
Extensión 328 páginas
Dimensiones ; 24 cm.
336 ## - TIPO DE CONTENIDO
Fuente rdacontent
Término de tipo de contenido texto
Código de tipo de contenido txt
337 ## - TIPO DE MEDIO
Fuente rdamedia
Nombre del tipo de medio sin mediación
Código del tipo de medio n
338 ## - TIPO DE SOPORTE
Fuente rdacarrier
Nombre del tipo de soporte volumen
Código Tipo de soporte nc
490 ## - MENCIÓN DE SERIE
Mención de serie Noficción. Historia
505 ## - NOTA DE CONTENIDO
Nota de contenido con formato preestablecido Los héroes de Dios: Débora, Judit, Sansón y David -- Agitadores: Alejandro Magno y Julio César -- Fuego feminista y asesinato: Boudica -- Héroes ejemplares: Enrique V y Juana de Arco -- Heroísmo en la edad del hacha: Santo Tomás Moro, lady Jane Grey, María Reina de los Escoceses, Isabel I y Sir Walter Ralegh -- En el rugido de la boca del cañón: Washington, Nelson y Wellington -- Heroísmo torturador en un mundo de hombres: Jane Welsh Carlyle y Emily Dickenson -- Dos tipos de nobleza: Lincoln y Lee --<br/>Heroísmo intelectual: Ludwig Wittgenstein -- El heroísmo de la anfitriona: lady Pamela Berry et al. -- Un héroe generoso y un monstruo heroico: Churchill y De Gaulle -- Heroísmo bajo el maquillaje: Mae West y Marilyn Monroe --<br/>La trinidad heroica que domesticó al oso: Reagan, Thatcher y Juan Pablo II.
563 ## - NOTA DE ENCUADERNACIÓN
Nota de encuadernación Rústico
650 #0 - ASIENTO SECUNDARIO DE MATERIA - TERMINO TEMÁTICO
9 (RLIN) 2480
Término temático o nombre geográfico como elemento de entrada Liderazgo
Subdivisión general Biografías.
942 ## - TIPO DE MATERIAL (KOHA)
Tipo de Item KOHA Libros General
945 ## - INFORMACIÓN LOCAL DEL REGISTRO
Catalogador JTF-925
Existencias
Estado de Material Estado de Perdido Forma de Clasificación Estado de Dañado No para Préstamo Colección Biblioteca de Origen Biblioteca Permanente Fecha de Adquisición Área Total de Préstamos Signatura Topográfica Código de Barras Última vez visto Ejemplar/Existencia Fecha de Remplazo Tipo de Material
    Dewey Decimal Classification     Colección General Biblioteca FUSBC Biblioteca FUSBC 02/06/2020 HISTORIA DEL CRISTIANISMO   G 920.02 J685h 25871 02/06/2020 Ej.1 02/06/2020 Libros General

Biblioteca FUSBC | Teléfono: (57+4) 349 88 10 Ext. 141| WhatsApp (+57) 3005338115 
E-mail: biblioteca@unisbc.edu.co | Calle 76 87-14 Robledo Palenque, Medellín, Colombia

Con tecnología Koha